书目信息 |
| 题名: |
人类的故事彩图馆
|
|
| 作者: | 房龙 著 ;刘雪涛 编译 | |
| 分册: | ||
| 出版信息: | 北京 中国华侨出版社 2016 |
|
| 页数: | 435页 | |
| 开本: | 25cm | |
| 丛书名: | ||
| 单 册: | ||
| 中图分类: | Q98-49 , K109 | |
| 科图分类: | ||
| 主题词: | 人类学--通俗读物 , 世界史--通俗读物 | |
| 电子资源: | ||
| ISBN: | 978-7-5113-5890-5 | |
| 000 | 01143nam0 2200301 450 | |
| 001 | 2355 | |
| 001 | 01CN12636511@CSLN | |
| 005 | 20161205103813.14 | |
| 010 | @a978-7-5113-5890-5@dCNY39.80 | |
| 096 | @aQ98@bfl | |
| 100 | @a20160623d2016 em y0chiy50 ea | |
| 101 | 1 | @achi@ceng |
| 102 | @aCN@b110000 | |
| 105 | @aa z 000yy | |
| 106 | @ar | |
| 200 | 1 | @a人类的故事彩图馆@9ren lei de gu shi cai tu guan@b专著@f(美)房龙著@g刘雪涛编译 |
| 210 | @a北京@c中国华侨出版社@d2016 | |
| 215 | @a435页@d25cm | |
| 300 | @a中侨彩图馆/刘凤珍主编 | |
| 330 | @a本书作者将人类数千年的文明发展史呈现在读者的面前。它的故事从远古的时候讲起,讲述埃及和美索不达米亚文明的源起,讲述希腊与罗马时代的辉煌,沿着宗教兴起的线索讲述到中世纪社会的发展和演变,从城市的兴起、文艺复兴、讲述到世界性的变革和各国的革命。在追溯到一些主要国家的历史线索时,也讲述了一些重要历史人物的故事,评述他们的功过。 | |
| 606 | 0 | @a人类学@j通俗读物 |
| 606 | 0 | @a世界史@j通俗读物 |
| 690 | @aQ98-49@v4 | |
| 690 | @aK109@v4 | |
| 701 | 0 | @a房龙@4著 |
| 702 | 0 | @a刘雪涛@9liu xue tao@4编译 |
| 801 | 0 | @aCN@b大连网信软件有限公司图书馆·11@c20161205 |
| 905 | @aZUCC@dQ98-49@e36 | |
| 人类的故事彩图馆/(美)房龙著/刘雪涛编译.-北京:中国华侨出版社,2016 |
| 435页;25cm |
| 中侨彩图馆/刘凤珍主编 |
| ISBN 978-7-5113-5890-5:CNY39.80 |
| 本书作者将人类数千年的文明发展史呈现在读者的面前。它的故事从远古的时候讲起,讲述埃及和美索不达米亚文明的源起,讲述希腊与罗马时代的辉煌,沿着宗教兴起的线索讲述到中世纪社会的发展和演变,从城市的兴起、文艺复兴、讲述到世界性的变革和各国的革命。在追溯到一些主要国家的历史线索时,也讲述了一些重要历史人物的故事,评述他们的功过。 |
| ● |
| 相关链接 |
|
|
|
|
正题名:人类的故事彩图馆
索取号:Q98-49/36
 
预约/预借
| 序号 | 登录号 | 条形码 | 馆藏地/架位号 | 状态 | 备注 |
| 1 | 910880 | 209108801 | 第二样本阅览室/ [索取号:Q98-49/36] | 在馆 | |
| 2 | 910881 | 209108810 | 第三借阅区/ [索取号:Q98-49/36] | 在馆 | |
| 3 | 910882 | 209108829 | 第三借阅区/ [索取号:Q98-49/36] | 在馆 | |
| 4 | 910883 | 209108838 | 第三借阅区/ [索取号:Q98-49/36] | 在馆 | |
| 5 | 910884 | 209108847 | 第三借阅区/ [索取号:Q98-49/36] | 在馆 |